MCQS IN ORAL & MAXILLOFACIAL PATHOLOGY (Record no. 2960)

MARC details
000 -LEADER
fixed length control field 00378nam a2200145Ia 4500
008 - FIXED-LENGTH DATA ELEMENTS--GENERAL INFORMATION
fixed length control field 150201s2000 xx 000 0 und d
082 ## - DEWEY DECIMAL CLASSIFICATION NUMBER
Classification number 616.07
Item number M2000W
100 ## - MAIN ENTRY--PERSONAL NAME
Personal name WARSI,M.A NAUSRAT
245 ## - TITLE STATEMENT
Title MCQS IN ORAL & MAXILLOFACIAL PATHOLOGY
250 ## - EDITION STATEMENT
Edition statement 1ST
260 ## - PUBLICATION, DISTRIBUTION, ETC. (IMPRINT)
Name of publisher, distributor, etc. JAYPEE MEDICAL PUBLISHER
Place of publication, distribution, etc. DELHI
Date of publication, distribution, etc. 2000
300 ## - PHYSICAL DESCRIPTION
Extent Jan-94
650 ## - SUBJECT ADDED ENTRY--TOPICAL TERM
Topical term or geographic name as entry element ORAL PATHOLOGY
942 ## - ADDED ENTRY ELEMENTS (KOHA)
Source of classification or shelving scheme Dewey Decimal Classification
Koha item type Books
Holdings
Withdrawn status Lost status Source of classification or shelving scheme Damaged status Not for loan Home library Current library Date acquired Source of acquisition Cost, normal purchase price Serial Enumeration / chronology SGTU Bill Number Total Checkouts Full call number Barcode Date last seen Date last checked out Bill Date Koha item type
    Dewey Decimal Classification     SGT Dental Library SGT Dental Library 15/05/2004 U.B.S.DELHI 80.00 1 SGTU 120 3 616.07 M2000W FD2028 24/12/2025 16/12/2025 13/03/2012 Books
    Dewey Decimal Classification     SGT Dental Library SGT Dental Library 15/05/2004 U.B.S.DELHI 80.00 1 SGTU 120 2 616.07 M2000W FD2029 27/06/2025 13/06/2025 13/03/2012 Books
    Dewey Decimal Classification     SGT Dental Library SGT Dental Library 15/05/2004 U.B.S.DELHI 80.00 1 SGTU 120   616.07 M2000W FD2030 09/02/2015   13/03/2012 Books
    Dewey Decimal Classification     SGT Dental Library SGT Dental Library 15/05/2004 U.B.S.DELHI 80.00 1 SGTU 120   616.07 M2000W FD2031 10/10/2016   13/03/2012 Books
    Dewey Decimal Classification     SGT Dental Library SGT Dental Library 15/05/2004 U.B.S.DELHI 80.00 1 SGTU 120   616.07 M2000W FD2032 09/02/2015   13/03/2012 Books